British General Knowledge Quiz - Statistics

General Stats
  • This quiz has been taken 145 times
  • The average score is 11 of 15
Answer Stats
Hint Answer % Correct
The first female prime minister of the UK Margaret Thatcher
97%
Number of countries in the UK 4
95%
The only country bordering the UK Ireland
95%
Heir to the British throne Prince Charles
95%
Union of countries that the UK is leaving EU
94%
Year of the London olympics 2012
90%
Anonymous British graffiti artist Banksy
90%
Large British centre-left political party Labour
88%
Name of the Duchess of Sussex Meghan Markle
77%
Animal that is stereotypically abundant in Wales Sheep
77%
British word for idiot, popularised by Only Fools and Horses Plonker
57%
Record goal-scorer for England football Wayne Rooney
55%
Musician famously featured in the 2018 John Lewis advert Elton John
46%
Partnered with James Watson and proposed a double-helix DNA structure Francis Crick
38%
Country with which the UK has the world's oldest alliance Portugal
27%
No matching quizzes found
Score Distribution
Percent of People with Each Score
Percentile by Number Answered
Your Score History
You have not taken this quiz